La paradoja : (Registro nro. 266)
[ vista simple ]
| 000 -LEADER | |
|---|---|
| fixed length control field | 01115nam a2200229Ia 4500 |
| 003 - CONTROL NUMBER IDENTIFIER | |
| control field | PE SENCICO BE |
| 005 - DATE AND TIME OF LATEST TRANSACTION | |
| control field | 20251020182431.0 |
| 008 - FIXED-LENGTH DATA ELEMENTS--GENERAL INFORMATION | |
| fixed length control field | 200515s9999 xx 000 0 und d |
| 020 ## - INTERNATIONAL STANDARD BOOK NUMBER | |
| International Standard Book Number | 84-7953-365-X |
| 040 ## - CATALOGING SOURCE | |
| Original cataloging agency | PE SENCICO BE |
| Transcribing agency | PE SENCICO BE |
| 041 ## - LANGUAGE CODE | |
| Language code of text/sound track or separate title | spa |
| 082 ## - DEWEY DECIMAL CLASSIFICATION NUMBER | |
| Classification number | 658.4092 |
| Item number | H94 |
| 100 1# - MAIN ENTRY--PERSONAL NAME | |
| Personal name | Hunter, James C. |
| 9 (RLIN) | 2603 |
| Relator term | autor |
| 245 10 - TITLE STATEMENT | |
| Title | La paradoja : |
| Remainder of title | un relato sobre la verdadera esencia del liderazgo / |
| Statement of responsibility, etc. | James C. Hunter |
| 260 ## - PUBLICATION, DISTRIBUTION, ETC. | |
| Place of publication, distribution, etc. | Barcelona : |
| Name of publisher, distributor, etc. | Urano ; |
| Date of publication, distribution, etc. | 1999 |
| 300 ## - PHYSICAL DESCRIPTION | |
| Extent | 173 p. : |
| Other physical details | tbl. ; |
| Dimensions | 20 cm. |
| 505 0# - FORMATTED CONTENTS NOTE | |
| Formatted contents note | Las definiciones -- El modelo -- El verbo -- El entorno -- La elección -- Los resultados |
| 520 3# - SUMMARY, ETC. | |
| Summary, etc. | Este libro nos enseña que dirigir consiste paradójicamente, en servir a los demás, porque un buen líder está pendiente de sus subordinados para atender a sus legítimas necesidades, ayudarles a cumplir sus aspiraciones y aprovechar sus capacidades al máximo. Una reflexión inteligente que ha servido de inspiración a numerosos directivos norteamericanos. |
| 650 10 - SUBJECT ADDED ENTRY--TOPICAL TERM | |
| Topical term or geographic name entry element | Liderazgo |
| 9 (RLIN) | 931 |
| 650 20 - SUBJECT ADDED ENTRY--TOPICAL TERM | |
| Topical term or geographic name entry element | Paradigmas (Ciencias sociales) |
| 9 (RLIN) | 2604 |
| 942 ## - ADDED ENTRY ELEMENTS (KOHA) | |
| Koha item type | Libros |
| Source of classification or shelving scheme | Dewey Decimal Classification |
| Fecha de la última vez que lo usaron | Número de ingreso o de inventario | Pago total | Signatura topográfica completa | Código de barras | Precio efectivo desde | Tipo de documento | Estado perdido | Sistema de clasificación | Estado dañado | No es para préstamo | Retirado | Ubicación permanente | Ubicación actual | Fecha de adquisición |
|---|---|---|---|---|---|---|---|---|---|---|---|---|---|---|
| 15/05/2020 | 12648 | 658.4092/H94 | BibLima24100021 | 15/05/2020 | Libros | Dewey Decimal Classification | Biblioteca Central Lima | Biblioteca Central Lima | 15/05/2020 |